000 00596nam a22002292 4500
001 0000024426
003 OSt
005 20260119122344.0
008 260119s xx 000 0 eng d
020 _a0323043113 :
040 _aKABU
_cKABU
050 _aRB45
_b.H83 2024
100 1 _aHudnall, S. David.
245 1 0 _aHematology :
_ba pathophysiologic approach.
250 _a2nd ed.
260 _aPhildelphia, PA :
_bMosby,
_c2024.
300 _axiii, 171 p.
650 0 _aHematology.
908 _a130913
942 _2lcc
_cBK
999 _c21072
_d21071